000 00377nam a2200145Ia 4500
003 GCL
008 140319s9999 xx 000 0 ara d
040 _aGCL /
_cGCL
082 0 4 _a214
_bم ح
100 1 _aمحمد الغزالى
245 1 0 _aجدد حياتك /
_cمحمد الغزالى
260 _a[S.N] :
_bدار الدعوة ،
_c1989
300 _a234 ص
490 _a
999 _c54148
_d54148